Труды Северного геологического управления. Вып. 1: Общая геологическая карта Европейской части СССР (Запись № 13595612)

Подробности
000 -МАРКЕР
контрольное поле 01188nam2a2200229 4500
001 - ИДЕНТИФИКАТОР ЗАПИСИ
контрольное поле rc\2921587
005 - ИДЕНТИФИКАТОР ВЕРСИИ
контрольное поле 20260315054803.0
035 ## - ДРУГИЕ СИСТЕМНЫЕ НОМЕРА
Идентификатор записи (NLR Aleph) 007071731
100 ## - ДАННЫЕ ОБЩЕЙ ОБРАБОТКИ
Данные общей обработки 20110813d1939 u y0rusy50 ca
101 0# - ЯЗЫК РЕСУРСА
Язык текста, звукозаписи и т.д. русский
102 ## - СТРАНА ПУБЛИКАЦИИ ИЛИ ПРОИЗВОДСТВА
Страна публикации Российская Федерация
105 ## - ПОЛЕ КОДИРОВАННЫХ ДАННЫХ: ТЕКСТОВЫЕ МАТЕРИАЛЫ, МОНОГРАФИЧЕСКИЕ
Кодированные данные о монографическом текстовом документе y z |||||
200 1# - ЗАГЛАВИЕ И СВЕДЕНИЯ ОБ ОТВЕТСТВЕННОСТИ
Основное заглавие Общая геологическая карта Европейской части СССР
Сведения, относящиеся к заглавию (Тотьма, Кадников, Солигалич, Кологрив)
Обозначение и номер части Лист 70
210 ## - ПУБЛИКАЦИЯ, РАСПРОСТРАНЕНИЕ И ДР.
Дата издания, распространения и т.д. 1939
461 #0 - УРОВЕНЬ НАБОРА
Встроенное поле 001rc\2921586
-- 2001#$aТруды Северного геологического управления$fНКТП-СССР. Глав. геол. упр.$vВып. 1
Системный номер (АБИС) связанной записи 6387351
Автор Северное геологическое управление
Место публикации Ленинград
Дата публикации 1939-1941
Первые сведения об ответственности НКТП-СССР. Глав. геол. упр.
Имя издателя, распространителя и т.д. ГОНТИ, Ред. горно-топливной и геол.-развед. литературы
Заглавие Труды Северного геологического управления
Номер тома Вып. 1
700 #1 - ИМЯ ЛИЦА - ПЕРВИЧНАЯ ОТВЕТСТВЕННОСТЬ
Начальный элемент ввода Люткевич
Часть имени, кроме начального элемента ввода Е.М.
801 #0 - ИСТОЧНИК ЗАПИСИ
Страна Российская Федерация
Организация NLR
Правила каталогизации psbo
801 #1 - ИСТОЧНИК ЗАПИСИ
Страна Российская Федерация
Организация ELAR
Источник данных rusmarc
852 ## - МЕСТОНАХОЖДЕНИЕ И ШИФР ХРАНЕНИЯ
Идентификатор организации NLR
Шифр хранения (Call Number) 39-18/2
942 ## - ДОПОЛНИТЕЛЬНЫЕ ЭЛЕМЕНТЫ ЗАПИСИ (АБИС)
Тип экземпляра АБИС Неопределено
980 ## - КОЛЛЕКЦИЯ
Название коллекции Национальная библиография

Нет доступных экземпляров.